10 größte Fußball Stadien in Hessen - Statistiken

Allgemein
  • Dieses Quiz wurde 68 mal gespielt
  • Das Durchschnittsergebnis liegt bei 5 aus 10
Antwortstatistiken
Kapazität Verein Stadion % Korrekt
53.000 Eintracht Frankfurt Deutsche Bank Park
98%
17.810 SV Darmstadt 98 Stadion am Böllenfalltor
80%
20.500 Kickers Offenbach Stadion am Bieberer Berg
70%
18.737 KSV Hessen Kassel Auestadion
57%
12.542 FSV Frankfurt PSD Bank Arena
53%
12.100 SV Wehen Wiesbaden Brita-Arena
48%
7578 KSV Baunatal Parkstadion
23%
11.000 SV Wiesbaden Helmut-Schön-Sportpark
15%
12.573 SG Barockstadt Fulda-Lehnerz Sportpark Johannisau
12%
16.000 Hanauer SC Herbert-Dröse-Stadion
10%
Keine übereinstimmenden Quizze gefunden
Verteilung der Resultate
Anzahl Personen mit jedem Resultat
Perzentil nach korrekt beantworteten Fragen
Ihre Resultats-Entwicklung
Sie haben dieses Quiz noch nicht gespielt